000 00815cam a22002294a 4500
020 _a078797563X (alk. paper)
040 _cDLC
082 0 0 _a259 JOS 2005 A008 Or.
100 1 _aStuart, Timothy S.
245 1 0 _aRaising children at promise :
_bhow the surprising gifts of adversity and relationship build character in kids /
250 _a1st ed.
260 _aSan Francisco, CA :
_bJossey-Bass,
_cc2005.
300 _avii, 163 p. :
_bill. ;
_c24 cm.
650 0 _aChild rearing
650 0 _aParenting
700 1 _aStuart, Mona,
700 1 2 _aStuart, Timothy S.
856 4 1 _uhttp://www.loc.gov/catdir/toc/ecip0422/2004019600.html
856 4 2 _uhttp://www.loc.gov/catdir/enhancements/fy0616/2004019600-b.html
856 4 2 _uhttp://www.loc.gov/catdir/enhancements/fy0616/2004019600-d.html
942 _cEK
999 _c12047
_d12047